| 000 | 00795nam a2200229 4500 | ||
|---|---|---|---|
| 001 | 116104 | ||
| 003 | ES-MaACL | ||
| 005 | 20230906190633.0 | ||
| 007 | t| | ||
| 008 | 061121s1965 sp r ||||1| spa d | ||
| 110 | 2 |
_aGroupe Lyonnais d'Etudes Médicales, Philosophiques et Biologiques. _94499 |
|
| 245 | 1 | 0 |
_aPaternidad y virilidad / _ctraducción por José Antonio Garay. |
| 260 |
_aMadrid : _bRazón y Fé, _c1965. |
||
| 300 |
_a230 p. ; _c20 cm. |
||
| 490 | 1 |
_aColección psicología, medicina, pastoral ; _v43 |
|
| 700 | 1 |
_aGaray, José Antonio. _953942 |
|
| 830 | 0 |
_aColección psicología, medicina, pastoral ; _v43 _9185610 |
|
| 852 |
_aES-MaACL _jC-27988 _bR.57713 |
||
| 852 |
_aES-MaACL _jC-27150 _bR.55986 |
||
| 852 |
_aES-MaACL _jC-30005 _bR.56275 |
||
| 999 |
_c116104 _d116104 |
||